000 00568nam a22001817a 4500
003 BUBTL
008 180801b xxu||||| |||| 00| 0 eng d
020 _a984-843-197-7
082 _a343.052NUC
100 _91974
_aNurunnabi, M.
245 _aA Commentary On Income Tax Laws :
_bExhaustive Annotations And Interpretations of The Income Tax Ordinance,1984
260 _aDhaka :
_bKamrul Book House,
_cc2007.
300 _acxxii,844 p. :
_c25 cm.
650 0 _926
_aLaw
856 _k0
_l0
_yDownload
942 _2ddc
_cBK
999 _c5769
_d5769